ბათუმის შოთა რუსთაველის სახელმწიფო უნივერსიტეტის ბიბლიოთეკა

საქართველოს ტორფი და ტორფის სასუქები სუბტროპიკული კულტურებისათვის (ბიბ.ჩანაწერი № 44684)

000 -LEADER
fixed length control field 00935nam a2200217Ia 4500
001 - CONTROL NUMBER
control field 11488
003 - CONTROL NUMBER IDENTIFIER
control field GE_BSU
008 - FIXED-LENGTH DATA ELEMENTS--GENERAL INFORMATION
fixed length control field 181216s||||||||xx |||||||||||||| ||und||
040 ## - CATALOGING SOURCE
Transcribing agency GE_BSU
080 ## - UNIVERSAL DECIMAL CLASSIFICATION NUMBER
Universal Decimal Classification number 553.97(479.22)+633/635(213):631.831
100 ## - MAIN ENTRY--PERSONAL NAME
Personal name მენაღარიშვილი,ა.ჯ.
245 ## - TITLE STATEMENT
Title საქართველოს ტორფი და ტორფის სასუქები სუბტროპიკული კულტურებისათვის
245 ## - TITLE STATEMENT
Statement of responsibility, etc. რედ:ტ.კვარაცხელია.
260 ## - PUBLICATION, DISTRIBUTION, ETC.
Place of publication, distribution, etc. თბილისი
260 ## - PUBLICATION, DISTRIBUTION, ETC.
Name of publisher, distributor, etc. სახელგამი
260 ## - PUBLICATION, DISTRIBUTION, ETC.
Date of publication, distribution, etc. 1949
300 ## - PHYSICAL DESCRIPTION
Extent 327გვ;20სმ.
300 ## - PHYSICAL DESCRIPTION
Other physical details ცხრ.
653 ## - INDEX TERM--UNCONTROLLED
Uncontrolled term საქართველოს ტორფი და ტორფის სასუქები სუბტროპიკული კულტურებისათვის
942 ## - ADDED ENTRY ELEMENTS (KOHA)
Koha item type წიგნი
ეგზემპლარები
Withdrawn status Lost status Damaged status Not for loan Date acquired Barcode Date last seen Price effective from Koha item type
        2018-12-17 20120 2018-12-17 2018-12-17 წიგნი
        2018-12-17 20121 2018-12-17 2018-12-17 წიგნი
        2018-12-17 20122 2018-12-17 2018-12-17 წიგნი